=LDR 00000nam 2200000 4500 =001 INLIS000000000035023 =005 20230607015240 =035 ##$$a 0010-061300000035023 =008 230607################g##########0#ind## =041 ##$$a Ind =082 ##$$a 121 =090 ##$$a 121, Sur f =100 ##$$a Surajiyo =245 1#$$a Filsafat Ilmu dan Perkembangannya di Indonesia, : $b Suatu Pengantar /$c Drs. Surajiyo =260 ##$$a Jakarta :$b Bumi Aksara,$c 2013 =300 ##$$a xii, 170 hlm. : $b ilus. ; $c 23 x 16 cm. =650 #4$$a Ilmu Filsafat =850 ##$$a NBPNMAT =020 ##$$a 979-010-064-7 =084 ##$$a 121 SUR f =520 ##$$a Bibliografi; hlm. 165-170 =520 ##$$a Biografi; hlm.170 =990 ##$$a 21302929 =990 ##$$a 21004635 =990 ##$$a 21302932 =990 ##$$a 21302931 =990 ##$$a 21302930 =990 ##$$a 21302933